[Event "2017 South African Open Ch"]
[Site "Durban"]
[Date "2017.07.16"]
[Round "5"]
[White "Mnguni, Jacob Dumisani"]
[Black "Choko, Siyabonga V"]
[Result "1-0"]
[WhiteElo "2147"]
[BlackElo "1968"]
[Annotator "NA"]
[PlyCount "91"]
[EventDate "2017.??.??"]
[EventCountry "RSA"]
[SourceTitle "playchess.com"]
[Source "ChessBase"]
[SourceQuality "1"]
[TimeControl "5400+30"]

1. c4 {[%emt 0:00:00]} e5 {[%emt 0:00:04]} 2. g3 {[%emt 0:00:00]} g6 {[%emt 0:00:08]} 3. Bg2 {[%emt 0:00:00]} Bg7 {[%emt 0:00:06]} 4. Nc3 {[%emt 0:00:00]} Nf6 {[%emt 0:00:09]} 5. Nf3 {[%emt 0:00:00]} d6 {[%emt 0:00:09]} 6. O-O {[%emt 0:00:00]} O-O {[%emt 0:00:05]} 7. d3 {[%emt 0:00:00]} h6 {[%emt 0:00:12]} 8. Rb1 {[%emt 0:00:12]} Nc6 {[%emt 0:01:24]} 9. Nd2 {[%emt 0:00:23]} Rb8 {[%emt 0:00:13]} 10. b4 {[%emt 0:00:05]} Be6 {[%emt 0:00:27]} 11. Nd5 {[%emt 0:00:05]} Ne7 {[%emt 0:01:07]} 12. Nxe7+ {[%emt 0:01:19]} Qxe7 {[%emt 0:00:07]} 13. b5 {[%emt 0:00:06]} c5 {[%emt 0:00:25]} 14. bxc6 {[%emt 0:00:20]} bxc6 {[%emt 0:00:08]} 15. Rxb8 {[%emt 0:02:31]} Rxb8 {[%emt 0:00:01]} 16. Bxc6 {[%emt 0:00:21]} d5 {[%emt 0:00:21]} 17. Qa4 {[%emt 0:02:54]} Rc8 {[%emt 0:02:06]} 18. Ba3 {[%emt 0:24:14]} Qc7 {[%emt 0:00:57]} 19. cxd5 {[%emt 0:02:46]} Nxd5 {[%emt 0:09:29]} 20. Rc1 {[%emt 0:04:28]} Qb6 {[%emt 0:10:17]} 21. Nb3 {[%emt 0:02:19]} Bf8 {[%emt 0:07:45]} 22. Bxf8 {[%emt 0:12:03]} Kxf8 {[%emt 0:00:03]} 23. Bxd5 {[%emt 0:10:48]} Rxc1+ {[%emt 0:00:40]} 24. Nxc1 {[%emt 0:00:02]} Bxd5 {[%emt 0:00:08]} 25. Nb3 {[%emt 0:01:10]} h5 {[%emt 0:03:23]} 26. Kf1 {[%emt 0:07:09]} Kg7 {[%emt 0:03:50]} 27. Qa5 {[%emt 0:00:28]} Qxa5 {[%emt 0:06:39]} 28. Nxa5 {[%emt 0:00:01]} f5 {[%emt 0:00:12]} 29. Nb3 {[%emt 0:01:51]} Kf6 {[%emt 0:01:13]} 30. f3 {[%emt 0:00:45]} e4 {[%emt 0:04:30]} 31. Kf2 {[%emt 0:00:46]} h4 {[%emt 0:11:36]} 32. gxh4 {[%emt 0:03:45]} exf3 {[%emt 0:01:14]} 33. exf3 {[%emt 0:00:02]} f4 {[%emt 0:00:16]} 34. Nc1 {[%emt 0:00:19]} a5 {[%emt 0:05:09]} 35. a3 {[%emt 0:00:20]} a4 {[%emt 0:00:44]} 36. Ne2 {[%emt 0:00:11]} Ke5 {[%emt 0:00:29]} 37. d4+ {[%emt 0:00:27]} Kf5 {[%emt 0:00:38]} 38. Nc3 {[%emt 0:00:35]} Bb3 {[%emt 0:00:22]} 39. Ke2 {[%emt 0:01:16]} Bc4+ {[%emt 0:11:10]} 40. Kd2 {[%emt 0:00:17]} Bb3 {[%emt 0:04:13]} 41. Ne4 {[%emt 0:00:33]} Ke6 {[%emt 0:05:11]} 42. Nc3 {[%emt 0:00:58]} Kf5 {[%emt 0:00:26]} 43. Kd3 {[%emt 0:00:05]} g5 {[%emt 0:00:48]} 44. hxg5 {[%emt 0:00:14]} Kxg5 {[%emt 0:00:01]} 45. Ke4 {[%emt 0:00:18]} Bf7 {[%emt 0:00:49]} 46. d5 {[%emt 0:00:21]} 1-0

[Event "2017 South African Open Ch"]
[Site "Durban"]
[Date "2017.07.16"]
[Round "5"]
[White "De Abreu, Roberto N"]
[Black "Subke, Jason James"]
[Result "0-1"]
[WhiteElo "2145"]
[BlackElo "1932"]
[Annotator "NA"]
[PlyCount "93"]
[EventDate "2017.??.??"]
[EventCountry "RSA"]
[SourceTitle "playchess.com"]
[Source "ChessBase"]
[SourceQuality "1"]
[TimeControl "5400+30"]

1. d4 {[%emt 0:00:00]} Nf6 {[%emt 0:01:16]} 2. c4 {[%emt 0:00:00]} g6 {[%emt 0:00:11]} 3. g3 {[%emt 0:00:00]} Bg7 {[%emt 0:00:09]} 4. Bg2 {[%emt 0:00:00]} O-O {[%emt 0:00:11]} 5. Nc3 {[%emt 0:00:00]} d6 {[%emt 0:00:10]} 6. Nf3 {[%emt 0:00:01]} c6 {[%emt 0:01:00]} 7. O-O {[%emt 0:00:06]} d5 {[%emt 0:00:13]} 8. Qb3 {[%emt 0:01:06]} Na6 {[%emt 0:02:41]} 9. Rd1 {[%emt 0:01:53]} Nc7 {[%emt 0:01:34]} 10. h3 {[%emt 0:12:21]} b6 {[%emt 0:07:03]} 11. Bf4 {[%emt 0:06:17]} Ne6 {[%emt 0:00:48]} 12. Be5 {[%emt 0:01:05]} Bb7 {[%emt 0:01:10]} 13. e3 {[%emt 0:05:52]} Nh5 {[%emt 0:04:14]} 14. Bxg7 {[%emt 0:04:29]} Kxg7 {[%emt 0:00:23]} 15. cxd5 {[%emt 0:01:22]} cxd5 {[%emt 0:00:09]} 16. Ne5 {[%emt 0:00:13]} Nf6 {[%emt 0:00:32]} 17. Rac1 {[%emt 0:00:32]} Rc8 {[%emt 0:02:35]} 18. Nb5 {[%emt 0:06:26]} a6 {[%emt 0:01:04]} 19. Nc3 {[%emt 0:00:25]} Qd6 {[%emt 0:02:00]} 20. h4 {[%emt 0:03:09]} Rc7 {[%emt 0:02:16]} 21. Nd3 {[%emt 0:04:33]} Rfc8 {[%emt 0:01:55]} 22. Bh3 {[%emt 0:01:22]} Ne4 {[%emt 0:09:07]} 23. Nxe4 {[%emt 0:06:47]} dxe4 {[%emt 0:00:18]} 24. Rxc7 {[%emt 0:01:51]} Rxc7 {[%emt 0:00:19]} 25. Bxe6 {[%emt 0:00:36]} exd3 {[%emt 0:05:37]} 26. Bxf7 {[%emt 0:12:55]} Qc6 {[%emt 0:00:28]} 27. d5 {[%emt 0:07:37]} Qc2 {[%emt 0:01:20]} 28. Be6 {[%emt 0:05:00]} d2 {[%emt 0:03:58]} 29. Qxc2 {[%emt 0:01:42]} Rxc2 {[%emt 0:00:11]} 30. e4 {[%emt 0:00:01]} a5 {[%emt 0:03:08]} 31. Kg2 {[%emt 0:03:22]} Rxb2 {[%emt 0:02:39]} 32. Kf3 {[%emt 0:02:13]} Kf6 {[%emt 0:00:14]} 33. Kf4 {[%emt 0:02:50]} h6 {[%emt 0:03:43]} 34. e5+ {[%emt 0:00:12]} Kg7 {[%emt 0:00:07]} 35. d6 {[%emt 0:00:18]} exd6 {[%emt 0:05:38]} 36. exd6 {[%emt 0:00:01]} Rb4+ {[%emt 0:00:55]} 37. Ke3 {[%emt 0:00:05]} Re4+ {[%emt 0:00:26]} 38. Kxd2 {[%emt 0:00:01]} Rxe6 {[%emt 0:00:23]} 39. Kc3 {[%emt 0:00:52]} Re8 {[%emt 0:00:31]} 40. Rb1 {[%emt 0:01:39]} Rc8+ {[%emt 0:02:43]} 41. Kd4 {[%emt 0:00:30]} Rc6 {[%emt 0:00:26]} 42. Ke5 {[%emt 0:00:23]} Kf7 {[%emt 0:00:22]} 43. d7 {[%emt 0:01:18]} Ke7 {[%emt 0:00:26]} 44. Rd1 {[%emt 0:00:12]} Rc5+ {[%emt 0:01:11]} 45. Kf4 {[%emt 0:00:06]} Rf5+ {[%emt 0:01:20]} 46. Ke3 {[%emt 0:01:08]} Re5+ {[%emt 0:00:38]} 47. Kd2 {[%emt 0:03:07]} 0-1

[Event "2017 South African Open Ch"]
[Site "Durban"]
[Date "2017.07.16"]
[Round "5"]
[White "Govindasamy, Nashlen"]
[Black "Mahlangu, Sipho"]
[Result "1-0"]
[WhiteElo "2087"]
[BlackElo "1739"]
[Annotator "NA"]
[PlyCount "67"]
[EventDate "2017.??.??"]
[EventCountry "RSA"]
[SourceTitle "playchess.com"]
[Source "ChessBase"]
[SourceQuality "1"]
[TimeControl "5400+30"]

1. d4 {[%emt 0:05:10]} Nf6 {[%emt 0:00:03]} 2. c4 {[%emt 0:00:07]} e6 {[%emt 0:00:06]} 3. g3 {[%emt 0:00:06]} Bb4+ {[%emt 0:01:05]} 4. Bd2 {[%emt 0:00:13]} Bxd2+ {[%emt 0:00:29]} 5. Qxd2 {[%emt 0:00:08]} O-O {[%emt 0:00:21]} 6. Bg2 {[%emt 0:00:08]} d6 {[%emt 0:01:17]} 7. e4 {[%emt 0:06:28]} e5 {[%emt 0:05:22]} 8. d5 {[%emt 0:00:54]} a5 {[%emt 0:00:22]} 9. Ne2 {[%emt 0:00:40]} Nbd7 {[%emt 0:00:09]} 10. O-O {[%emt 0:00:29]} Nc5 {[%emt 0:00:43]} 11. Nbc3 {[%emt 0:00:20]} a4 {[%emt 0:00:20]} 12. Rab1 {[%emt 0:05:41]} Bg4 {[%emt 0:00:36]} 13. Nc1 {[%emt 0:17:05]} Qc8 {[%emt 0:01:47]} 14. b4 {[%emt 0:15:14]} axb3 {[%emt 0:00:14]} 15. axb3 {[%emt 0:00:02]} Bh3 {[%emt 0:00:37]} 16. Re1 {[%emt 0:00:29]} Bxg2 {[%emt 0:00:11]} 17. Kxg2 {[%emt 0:00:01]} Qg4 {[%emt 0:00:41]} 18. f3 {[%emt 0:09:11]} Qd7 {[%emt 0:00:02]} 19. Nd3 {[%emt 0:01:03]} Nxd3 {[%emt 0:00:19]} 20. Qxd3 {[%emt 0:00:03]} Ra3 {[%emt 0:00:54]} 21. Qc2 {[%emt 0:06:03]} Rfa8 {[%emt 0:01:44]} 22. Qb2 {[%emt 0:00:45]} Qd8 {[%emt 0:04:14]} 23. Na4 {[%emt 0:04:28]} R3xa4 {[%emt 0:00:53]} 24. bxa4 {[%emt 0:00:02]} b6 {[%emt 0:00:22]} 25. Qa3 {[%emt 0:03:11]} Nd7 {[%emt 0:00:13]} 26. Rb5 {[%emt 0:00:27]} Qg5 {[%emt 0:00:50]} 27. Re2 {[%emt 0:03:23]} Nc5 {[%emt 0:00:02]} 28. a5 {[%emt 0:02:32]} Nb7 {[%emt 0:00:16]} 29. axb6 {[%emt 0:11:45]} Rxa3 {[%emt 0:00:19]} 30. bxc7 {[%emt 0:00:02]} g6 {[%emt 0:03:36]} 31. c8=Q+ {[%emt 0:01:11]} Kg7 {[%emt 0:00:01]} 32. Qxb7 {[%emt 0:00:57]} Qc1 {[%emt 0:00:22]} 33. Rb1 {[%emt 0:00:43]} Qxc4 {[%emt 0:00:09]} 34. Rf2 {[%emt 0:00:24]} 1-0

[Event "2017 South African Open Ch"]
[Site "Durban"]
[Date "2017.07.16"]
[Round "5"]
[White "Bhawoodien, Shabir Hussain"]
[Black "Southey, Andrew M"]
[Result "1/2-1/2"]
[WhiteElo "2066"]
[BlackElo "1807"]
[Annotator "NA"]
[PlyCount "68"]
[EventDate "2017.??.??"]
[EventCountry "RSA"]
[SourceTitle "playchess.com"]
[Source "ChessBase"]
[SourceQuality "1"]
[TimeControl "5400+30"]

1. e4 {[%emt 0:06:39]} c5 {[%emt 0:00:13]} 2. c4 {[%emt 0:00:02]} g6 {[%emt 0:00:44]} 3. Nc3 {[%emt 0:00:47]} Bg7 {[%emt 0:00:15]} 4. Nge2 {[%emt 0:00:07]} Nc6 {[%emt 0:00:44]} 5. g3 {[%emt 0:00:01]} d6 {[%emt 0:00:37]} 6. Bg2 {[%emt 0:00:20]} Nf6 {[%emt 0:00:41]} 7. O-O {[%emt 0:00:17]} O-O {[%emt 0:00:24]} 8. d3 {[%emt 0:00:13]} Nd4 {[%emt 0:08:09]} 9. Nxd4 {[%emt 0:00:48]} cxd4 {[%emt 0:00:03]} 10. Ne2 {[%emt 0:00:08]} Nd7 {[%emt 0:00:37]} 11. f4 {[%emt 0:02:24]} a5 {[%emt 0:00:36]} 12. b3 {[%emt 0:01:25]} Nc5 {[%emt 0:03:52]} 13. f5 {[%emt 0:06:08]} e5 {[%emt 0:02:49]} 14. g4 {[%emt 0:18:01]} f6 {[%emt 0:06:47]} 15. Rf3 {[%emt 0:06:46]} Rf7 {[%emt 0:04:45]} 16. h4 {[%emt 0:02:36]} Bd7 {[%emt 0:04:25]} 17. Ng3 {[%emt 0:07:05]} Qe7 {[%emt 0:04:36]} 18. a4 {[%emt 0:05:05]} Kh8 {[%emt 0:01:17]} 19. Bd2 {[%emt 0:00:27]} b6 {[%emt 0:00:08]} 20. Bh3 {[%emt 0:05:27]} Qf8 {[%emt 0:03:50]} 21. Rb1 {[%emt 0:07:57]} gxf5 {[%emt 0:04:13]} 22. Nxf5 {[%emt 0:05:20]} Bxf5 {[%emt 0:00:21]} 23. exf5 {[%emt 0:02:23]} e4 {[%emt 0:03:01]} 24. dxe4 {[%emt 0:02:27]} Nxe4 {[%emt 0:00:09]} 25. Be1 {[%emt 0:00:59]} Nc3 {[%emt 0:00:45]} 26. Bxc3 {[%emt 0:02:45]} dxc3 {[%emt 0:00:03]} 27. Rxc3 {[%emt 0:00:01]} Re7 {[%emt 0:03:59]} 28. Qd4 {[%emt 0:00:26]} Rae8 {[%emt 0:00:09]} 29. Rf1 {[%emt 0:02:31]} Re4 {[%emt 0:00:55]} 30. Qd1 {[%emt 0:06:55]} Bh6 {[%emt 0:00:11]} 31. g5 fxg5 32. f6 Rxh4 33. f7 Re5 34. Rd3 g4 1/2-1/2

[Event "2017 South African Open Ch"]
[Site "Durban"]
[Date "2017.07.16"]
[Round "5"]
[White "Salimu, Reuben"]
[Black "Essa, Naseem Ahmed"]
[Result "1/2-1/2"]
[WhiteElo "1968"]
[BlackElo "1682"]
[Annotator "NA"]
[PlyCount "68"]
[EventDate "2017.??.??"]
[EventCountry "RSA"]
[SourceTitle "playchess.com"]
[Source "ChessBase"]
[SourceQuality "1"]
[TimeControl "5400+30"]

1. e4 {[%emt 0:02:46]} e6 {[%emt 0:01:46]} 2. Nf3 {[%emt 0:00:07]} d5 {[%emt 0:00:11]} 3. Nc3 {[%emt 0:00:06]} Nf6 {[%emt 0:00:18]} 4. e5 {[%emt 0:00:02]} Nfd7 {[%emt 0:05:12]} 5. d4 {[%emt 0:00:13]} Be7 {[%emt 0:15:24]} 6. Bd3 {[%emt 0:02:13]} a6 {[%emt 0:03:34]} 7. O-O {[%emt 0:00:22]} c5 {[%emt 0:00:08]} 8. dxc5 {[%emt 0:00:11]} Nxc5 {[%emt 0:01:20]} 9. Bf4 {[%emt 0:02:05]} Nc6 {[%emt 0:02:52]} 10. Qe2 {[%emt 0:00:07]} O-O {[%emt 0:38:40]} 11. Rae1 {[%emt 0:11:13]} b5 {[%emt 0:10:57]} 12. h4 {[%emt 0:18:43]} Nxd3 {[%emt 0:01:25]} 13. cxd3 {[%emt 0:01:51]} b4 {[%emt 0:09:16]} 14. Nb1 {[%emt 0:02:25]} f6 {[%emt 0:02:45]} 15. exf6 {[%emt 0:02:24]} Bxf6 {[%emt 0:00:05]} 16. Bg5 {[%emt 0:00:26]} Bd7 {[%emt 0:01:41]} 17. Rc1 {[%emt 0:01:25]} h6 {[%emt 0:01:42]} 18. Bxf6 {[%emt 0:00:30]} Qxf6 {[%emt 0:00:04]} 19. Rc5 {[%emt 0:00:49]} Rac8 {[%emt 0:01:48]} 20. Rfc1 {[%emt 0:00:55]} Nd4 {[%emt 0:00:32]} 21. Nxd4 {[%emt 0:01:33]} Rxc5 {[%emt 0:00:27]} 22. Rxc5 {[%emt 0:00:22]} Qxd4 {[%emt 0:00:03]} 23. Rc7 {[%emt 0:00:29]} Bb5 {[%emt 0:01:14]} 24. Rc8 {[%emt 0:09:37]} Rxc8 {[%emt 0:00:32]} 25. Qxe6+ {[%emt 0:00:11]} Kh7 {[%emt 0:00:13]} 26. Qf5+ {[%emt 0:00:14]} g6 {[%emt 0:00:41]} 27. Qxc8 {[%emt 0:00:06]} Bxd3 {[%emt 0:00:08]} 28. Qd7+ {[%emt 0:00:26]} Qg7 {[%emt 0:00:12]} 29. Qxg7+ {[%emt 0:01:08]} Kxg7 {[%emt 0:00:01]} 30. Nd2 {[%emt 0:00:11]} Bc4 {[%emt 0:00:27]} 31. a3 {[%emt 0:03:26]} bxa3 {[%emt 0:00:04]} 32. bxa3 {[%emt 0:00:07]} Kf6 {[%emt 0:00:03]} 33. f4 {[%emt 0:02:50]} Ke6 {[%emt 0:02:06]} 34. Kf2 {[%emt 0:00:25]} h5 {[%emt 0:01:04]} 1/2-1/2

[Event "2017 South African Open Ch"]
[Site "Durban"]
[Date "2017.07.16"]
[Round "5"]
[White "Tavagwisa, Lawrence"]
[Black "Gluckman, Paul"]
[Result "1-0"]
[WhiteElo "1935"]
[BlackElo "1981"]
[Annotator "NA"]
[PlyCount "87"]
[EventDate "2017.??.??"]
[EventCountry "RSA"]
[SourceTitle "playchess.com"]
[Source "ChessBase"]
[SourceQuality "1"]
[TimeControl "5400+30"]

1. e4 {[%emt 0:00:00]} c5 {[%emt 0:00:11]} 2. Nf3 {[%emt 0:00:00]} a6 {[%emt 0:00:07]} 3. g3 {[%emt 0:00:00]} d6 {[%emt 0:02:07]} 4. Bg2 {[%emt 0:00:12]} Nf6 {[%emt 0:00:55]} 5. d3 {[%emt 0:01:00]} e6 {[%emt 0:00:27]} 6. O-O {[%emt 0:00:46]} Be7 {[%emt 0:00:15]} 7. c3 {[%emt 0:02:46]} O-O {[%emt 0:00:52]} 8. Qe2 {[%emt 0:02:43]} Nc6 {[%emt 0:00:54]} 9. Rd1 {[%emt 0:02:45]} d5 {[%emt 0:00:34]} 10. e5 {[%emt 0:02:27]} Nd7 {[%emt 0:00:16]} 11. d4 {[%emt 0:00:42]} b5 {[%emt 0:02:04]} 12. Nbd2 {[%emt 0:04:53]} Qb6 {[%emt 0:10:23]} 13. Nf1 {[%emt 0:00:55]} a5 {[%emt 0:00:42]} 14. h4 {[%emt 0:01:18]} Ba6 {[%emt 0:01:20]} 15. Be3 {[%emt 0:03:43]} b4 {[%emt 0:02:44]} 16. Qd2 {[%emt 0:00:49]} bxc3 {[%emt 0:02:10]} 17. bxc3 {[%emt 0:00:47]} Rab8 {[%emt 0:00:29]} 18. Rac1 {[%emt 0:05:38]} Rfc8 {[%emt 0:02:28]} 19. Bg5 {[%emt 0:04:51]} cxd4 {[%emt 0:01:19]} 20. cxd4 {[%emt 0:01:01]} Ba3 {[%emt 0:01:07]} 21. Rc2 {[%emt 0:04:22]} Nb4 {[%emt 0:09:31]} 22. Rc3 {[%emt 0:00:49]} Rxc3 {[%emt 0:20:41]} 23. Qxc3 {[%emt 0:00:16]} Be2 {[%emt 0:01:55]} 24. Rd2 {[%emt 0:01:14]} Bxf3 {[%emt 0:00:43]} 25. Bxf3 {[%emt 0:00:48]} Nc6 {[%emt 0:01:50]} 26. Qxa3 {[%emt 0:00:49]} Nxd4 {[%emt 0:00:10]} 27. Bd1 {[%emt 0:04:01]} Nxe5 {[%emt 0:03:26]} 28. Bf4 {[%emt 0:02:17]} f6 {[%emt 0:02:01]} 29. Qc3 {[%emt 0:05:26]} Ndc6 {[%emt 0:03:00]} 30. Ba4 {[%emt 0:01:32]} d4 {[%emt 0:09:48]} 31. Qb3 {[%emt 0:02:13]} Qxb3 {[%emt 0:02:09]} 32. axb3 {[%emt 0:00:14]} Nf3+ {[%emt 0:07:36]} 33. Kg2 {[%emt 0:01:15]} Nce5 {[%emt 0:03:45]} 34. Bxe5 {[%emt 0:00:36]} Ne1+ {[%emt 0:00:09]} 35. Kh3 {[%emt 0:05:32]} fxe5 {[%emt 0:00:20]} 36. Kg4 {[%emt 0:05:17]} Rb4 {[%emt 0:00:33]} 37. Rd1 {[%emt 0:06:02]} Nc2 {[%emt 0:07:51]} 38. Nd2 {[%emt 0:02:09]} Rb7 {[%emt 0:01:58]} 39. Rc1 {[%emt 0:02:58]} Nb4 {[%emt 0:00:06]} 40. Rc8+ {[%emt 0:02:21]} Kf7 {[%emt 0:00:05]} 41. Kf3 {[%emt 0:00:42]} Kf6 {[%emt 0:00:45]} 42. Ne4+ {[%emt 0:01:48]} Ke7 {[%emt 0:00:40]} 43. Re8+ {[%emt 0:00:14]} Kf7 {[%emt 0:00:07]} 44. Nd6+ {[%emt 0:00:08]} 1-0

[Event "2017 South African Open Ch"]
[Site "Durban"]
[Date "2017.07.16"]
[Round "5"]
[White "Wilken, Justin Barend"]
[Black "Mwale Joseph"]
[Result "0-1"]
[WhiteElo "1920"]
[BlackElo "2159"]
[Annotator "NA"]
[PlyCount "150"]
[EventDate "2017.??.??"]
[EventCountry "RSA"]
[SourceTitle "playchess.com"]
[Source "ChessBase"]
[SourceQuality "1"]
[TimeControl "5400+30"]

1. e4 {[%emt 0:00:00]} e5 {[%emt 0:00:04]} 2. Nf3 {[%emt 0:00:00]} Nc6 {[%emt 0:00:05]} 3. Nc3 {[%emt 0:00:00]} Nf6 {[%emt 0:00:06]} 4. Bb5 {[%emt 0:01:05]} Nd4 {[%emt 0:00:12]} 5. Nxe5 {[%emt 0:00:38]} Qe7 {[%emt 0:01:43]} 6. Nf3 {[%emt 0:03:27] C48: Four Knights: 4 Bb5, replies other than 4...Bb4} (6. f4 Nxb5 7. Nxb5 d6 8. Nf3 Qxe4+ 9. Kf2 Ng4+ 10. Kg3 Qg6 11. Nh4 Qf6 12. h3 g5 13. Qe2+ Ne5 14. d4 gxf4+ {½-½ (21) Popov,I (2613)-Svidler,P (2730) Aix les Bains 2011}) 6... Nxb5 {[%emt 0:04:50]} 7. Nxb5 {[%emt 0:00:07]} Qxe4+ {[%emt 0:00:05]} 8. Qe2 {[%emt 0:00:21]} Qxe2+ {[%emt 0:00:04]} 9. Kxe2 {[%emt 0:00:04]} Nd5 {[%emt 0:00:05]} 10. Re1 {[%emt 0:17:22]} a6 {[%emt 0:01:41]} 11. Nbd4 {[%emt 0:00:59]} d6 {[%emt 0:00:27]} 12. c4 {[%emt 0:06:51]} Nb6 {[%emt 0:00:22]} 13. Kf1+ {[%emt 0:02:37]} Be7 {[%emt 0:00:18]} 14. b3 $146 {[%emt 0:00:41]} ({Predecessor:} 14. d3 c5 15. Bg5 f6 16. Bf4 Kf7 17. Nb3 {½-½ (17) Pihlajasalo,A (2190)-Molander,R Helsinki 1996}) 14... c5 {[%emt 0:02:09]} 15. Ne2 {[%emt 0:03:21]} O-O {[%emt 0:00:48]} 16. Bb2 {[%emt 0:00:24]} Re8 {[%emt 0:00:30]} 17. Ng3 {[%emt 0:06:35]} d5 {[%emt 0:02:42]} 18. d3 {[%emt 0:04:27]} Be6 {[%emt 0:03:30]} 19. h3 {[%emt 0:04:22]} a5 {[%emt 0:01:07]} 20. a4 {[%emt 0:03:01]} Nd7 {[%emt 0:08:02]} 21. Nh5 {[%emt 0:07:56]} Bf6 {[%emt 0:11:56]} 22. Nxf6+ {[%emt 0:03:01]} Nxf6 {[%emt 0:12:18]} 23. Bxf6 {[%emt 0:05:09]} gxf6 {[%emt 0:00:02]} 24. Nh4 {[%emt 0:00:34]} Red8 {[%emt 0:06:43]} 25. Re3 {[%emt 0:07:24]} Ra6 {[%emt 0:01:28]} 26. f4 {[%emt 0:00:53]} f5 {[%emt 0:00:54]} 27. g4 {[%emt 0:00:43]} fxg4 {[%emt 0:01:51]} 28. f5 {[%emt 0:00:17]} Bc8 {[%emt 0:01:20]} 29. hxg4 {[%emt 0:01:46]} Rh6 {[%emt 0:01:00]} 30. Rae1 {[%emt 0:01:23]} Rxh4 {[%emt 0:05:44]} 31. Re8+ {[%emt 0:00:12]} Rxe8 {[%emt 0:00:04]} 32. Rxe8+ {[%emt 0:00:02]} Kg7 {[%emt 0:00:05]} 33. Rxc8 {[%emt 0:00:09]} dxc4 {[%emt 0:00:03]} 34. bxc4 {[%emt 0:01:07]} b6 {[%emt 0:00:04]} 35. Rc6 {[%emt 0:03:26]} Rxg4 {[%emt 0:01:19]} 36. Rxb6 {[%emt 0:00:02]} h5 {[%emt 0:00:51]} 37. Rb5 {[%emt 0:00:56]} h4 {[%emt 0:00:15]} 38. f6+ {[%emt 0:01:34]} Kg6 {[%emt 0:00:29]} 39. Rb8 {[%emt 0:02:47]} Kxf6 {[%emt 0:00:42]} 40. Rh8 {[%emt 0:01:12]} Ke5 {[%emt 0:01:36]} 41. Kf2 {[%emt 0:01:56]} Kd4 {[%emt 0:00:51]} 42. Rd8+ {[%emt 0:01:35]} Kc3 {[%emt 0:00:16]} 43. Rd5 {[%emt 0:00:23]} Kb4 {[%emt 0:01:10]} 44. Rf5 {[%emt 0:00:32]} Rd4 {[%emt 0:01:50]} 45. Ke3 {[%emt 0:00:37]} h3 {[%emt 0:02:49]} 46. Rh5 {[%emt 0:00:45]} Kxa4 {[%emt 0:00:27]} 47. Rxh3 {[%emt 0:01:23]} Kb4 {[%emt 0:00:05]} 48. Kd2 {[%emt 0:00:34]} Rg4 {[%emt 0:00:24]} 49. Rh2 {[%emt 0:03:09]} a4 {[%emt 0:00:25]} 50. Rf2 {[%emt 0:00:43]} Rg7 {[%emt 0:01:04]} ({Don't do} 50... a3 51. Kc2 $19) 51. Rf6 {[%emt 0:02:37]} Rg2+ {[%emt 0:00:51]} 52. Ke3 Kc3 {[%emt 0:00:40]} 53. Rxf7 {[%emt 0:01:39]} Rg3+ {[%emt 0:00:07]} 54. Ke2 {[%emt 0:00:16]} Rxd3 $19 {[%emt 0:00:00]} 55. Ra7 {[%emt 0:00:06]} Rd2+ {[%emt 0:00:00]} 56. Ke1 {[%emt 0:00:47]} Ra2 {[%emt 0:00:00]} 57. Kd1 {[%emt 0:01:04]} Ra1+ {[%emt 0:00:32]} 58. Ke2 {[%emt 0:00:13]} Kxc4 {[%emt 0:00:04]} 59. Kd2 {[%emt 0:00:15]} Ra2+ {[%emt 0:00:15]} 60. Kc1 {[%emt 0:00:06]} Kc3 {[%emt 0:00:17]} 61. Kb1 {[%emt 0:00:21]} Rb2+ {[%emt 0:00:11]} 62. Ka1 {[%emt 0:00:04]} Rb4 {[%emt 0:00:18]} 63. Ka2 {[%emt 0:00:25]} c4 {[%emt 0:00:14]} 64. Rd7 {[%emt 0:00:31]} Kc2 {[%emt 0:00:47]} 65. Ka1 {[%emt 0:00:15]} c3 {[%emt 0:00:21]} 66. Ka2 {[%emt 0:00:37]} Kc1 {[%emt 0:00:23]} 67. Rd5 {[%emt 0:00:40]} Rh4 {[%emt 0:00:24]} 68. Ka1 {[%emt 0:00:47]} c2 {[%emt 0:01:21]} 69. Rd3 {[%emt 0:01:44]} Rh1 {[%emt 0:00:26]} 70. Rd8 {[%emt 0:00:57]} Rd1 {[%emt 0:00:13]} 71. Re8 {[%emt 0:00:23]} Kd2+ {[%emt 0:00:06]} 72. Ka2 {[%emt 0:00:02]} c1=Q {[%emt 0:01:04]} 73. Rd8+ {[%emt 0:00:49]} Ke2 {[%emt 0:00:25]} 74. Re8+ {[%emt 0:00:10]} Qe3 {[%emt 0:00:08]} 75. Re7 {[%emt 0:00:02]} Rd2+ {[%emt 0:00:10]} 0-1